[Event "FRA-chT3 Gr14 0607"]
[Site "France"]
[Date "2007.01.21"]
[Round "5.1"]
[White "Vwira, Olivier"]
[Black "Groshens, Serge"]
[Result "1-0"]
[WhiteElo "2285"]
[BlackElo "2034"]
[PlyCount "66"]
[EventDate "2006.10.15"]
[EventType "team"]
[EventRounds "9"]
[EventCountry "FRA"]
[SourceTitle "EXT 2008"]
[Source "ChessBase"]
[SourceDate "2007.11.25"]
[SourceVersion "1"]
[SourceVersionDate "2007.11.25"]
[SourceQuality "1"]

1. d4 Nf6 2. c4 e6 3. Nc3 Bb4 4. a3 Bxc3+ 5. bxc3 c5 6. e3 0-0 7. Bd3 Nc6 8. Ne2 d6 9. 0-0 b6 10. e4 h6 11. f4 Ba6 12. e5 Ne8 13. Ng3 cxd4 14. Qe2 d5 15. f5 Bxc4 16. Bxc4 dxc4 17. fxe6 Qd5 18. exf7+ Rxf7 19. Rxf7 Kxf7 20. Qh5+ Kg8 21. Bxh6 Qxe5 22. Nf5 Ne7 23. Bxg7 Qxf5 24. Qh8+ Kf7 25. Rf1 Qxf1+ 26. Kxf1 d3 27. Bd4 Rc8 28. g4 Rc6 29. Qh5+ Kf8 30. Ke1 Re6+ 31. Kd1 Nc6 32. Qf5+ Ke7 33. Be3 Nd8 1-0